Eurovision 2025 - Indovina la Canzone - Statistics

Statistiche generali
  • Questo quiz è stato fatto 173 volte
  • Il punteggio medio è 22 su 37
Risposte nella Mappa
Le risposte nella mappa del quiz sottostante sono codificate secondo una scala di colori dal rosso al verde in base alla % di persone che hanno risposto correttamente.
 
Statistiche sulle risposte
Posizione Nazione Cantante Canzone Punti Gruppo % Corretto
5 Italia Lucio Corsi Volevo essere un duro 256 Big 5
91%
26 San Marino Gabry Ponte Tutta l'Italia 27 Semifinale 1
82%
3 Estonia Tommy Cash Espresso macchiato 356 Semifinale 1
77%
15 Germania Abor & Tynna Baller 151 Big 5
75%
1 Austria JJ Wasted Love 436 Semifinale 2
74%
18 Norvegia Kyle Alessandro Lighter 89 Semifinale 1
72%
4 Svezia KAJ Bara bada bastu 321 Semifinale 1
70%
7 Francia Louane Maman 230 Big 5
70%
21 Portogallo Napa Deslocado 50 Semifinale 1
68%
11 Finlandia Erika Vikman Ich komme 196 Semifinale 2
67%
24 Spagna Melody Esa diva 37 Big 5
65%
NQ Australia Go-Jo Milkshake Man 41 Semifinale 2
65%
10 Svizzera Zoë Më Voyage 214 Host
65%
12 Paesi Bassi Claude C'est la vie 175 Semifinale 1
61%
25 Islanda Væb Róa 33 Semifinale 1
61%
19 Regno Unito Remember Monday What the Hell Just Happened? 88 Big 5
61%
2 Israele Yuval Raphael New Day Will Rise 357 Semifinale 2
60%
17 Malta Miriana Conte Serving 91 Semifinale 2
60%
6 Grecia Klavdia Asteromata 231 Semifinale 2
58%
23 Danimarca Sissal Hallucination 47 Semifinale 2
58%
14 Polonia Justyna Steczkowska Gaja 156 Semifinale 1
56%
20 Armenia Parg Survivor 72 Semifinale 2
54%
NQ Irlanda Emmy Laika Party 28 Semifinale 2
53%
NQ Croazia Marko Bošnjak Poison Cake 28 Semifinale 1
53%
9 Ucraina Ziferblat Bird of Pray 218 Semifinale 1
51%
8 Albania Shkodra Elektronike Zjerm 218 Semifinale 1
51%
NQ Serbia Princ Mila 28 Semifinale 2
49%
NQ Cipro Theo Evan Shh 44 Semifinale 1
49%
NQ Cechia Adonxs Kiss Kiss Goodbye 29 Semifinale 2
47%
NQ Slovenia Klemen How Much Time Do We Have Left 23 Semifinale 1
46%
NQ Azerbaigian Mamagama Run with U 7 Semifinale 1
46%
13 Lettonia Tautumeitas Bur man laimi 158 Semifinale 2
44%
NQ Belgio Red Sebastian Strobe Lights 23 Semifinale 1
44%
16 Lituania Katarsis Tavo akys 96 Semifinale 2
44%
NQ Georgia Mariam Shengelia Freedom 28 Semifinale 2
42%
22 Lussemburgo Laura Thorn La poupée monte le son 47 Semifinale 2
42%
NQ Montenegro Nina Žižić Dobrodošli 12 Semifinale 2
40%
Nessun quiz corrispondente trovato
Distribuzione punteggi
Percentuale di utenti per punteggio
Percentile per numero di risposta
I tuoi punteggi nel tempo
Non hai fatto questo quiz